|
|
|
|
| LEADER |
00000nam a2200000 a 4500 |
| 001 |
vtls010083432 |
| 003 |
SK-MaSNL |
| 005 |
20260301172410.0 |
| 008 |
251029s2007 xv a n 001 0 slv |
| 015 |
|
|
|a SNBZSA2011-00488
|
| 020 |
|
|
|a 9789619122259
|q (brož.)
|
| 035 |
|
|
|a 5D2A93A3-AA76-4E14-94F4-88AB0BCF4D89
|
| 035 |
|
|
|a urn:nbn:sk:snk-amjfsg
|
| 035 |
|
|
|a urn:nbn:sk:snk-am002gn1
|
| 040 |
|
|
|a SNK
|b slo
|c SNK
|e AACR2
|
| 041 |
0 |
|
|a slv
|b eng
|b ger
|b slo
|
| 043 |
|
|
|a e-xo---
|a e-cv---
|
| 044 |
|
|
|a xv
|
| 072 |
|
7 |
|a 94(437)
|x Dejiny Česka a Slovenska
|2 konspekt
|
| 072 |
|
7 |
|a 94(47)
|x Dejiny krajín východnej Európy
|2 konspekt
|
| 080 |
|
|
|a 94(497.4)
|x "1848/1938"
|2 2001
|
| 080 |
|
|
|a 94(437.6)
|x "1848/1938"
|2 2001
|
| 080 |
|
|
|a 323.1(436-89)
|2 2001
|
| 080 |
|
|
|a 930.85
|x (=163.6)
|x (=162.4)
|2 2001
|
| 080 |
|
|
|a 394.912
|2 2001
|
| 080 |
|
|
|a 327(437.6:497.4)
|2 2001
|
| 100 |
1 |
|
|a Kregar, Tone,
|d 1971-
|4 aut
|9 541759
|
| 245 |
1 |
0 |
|a Med Tatrami in Triglavom
|b primerjave narodnega razvoja Slovencev in Slovakov in njihovi kulturno-politični stiki 1848-1938
|c Tone Kregar ; [fotografije Muzej novejše zgodovine Slovenije ... [et al.] ; prevod v slovaščino in agliščino Peter Čanji ; prevod v nemščino Aleksander Verhovšek]
|
| 260 |
|
|
|a Celje
|b Zgodovinsko društvo
|c 2007
|
| 300 |
|
|
|a 352 s.
|b ilustr., portréty
|c 24 cm
|
| 490 |
1 |
|
|a Zgodovini.ce
|x 1854-7591
|v 6
|
| 500 |
|
|
|a 500 výt.
|
| 504 |
|
|
|a Bibliogr. s. 326-343. Reg.
|
| 546 |
|
|
|a Res. angl., nem. a slov.
|
| 648 |
|
7 |
|a 1918-1938
|2 SNK
|9 280690
|
| 650 |
0 |
7 |
|a Slovinci
|2 snkph
|9 474138
|
| 650 |
0 |
7 |
|a Slováci
|2 snkph
|9 22552
|
| 650 |
0 |
7 |
|a medzinárodné vzťahy
|2 SNKPH
|9 3690
|
| 650 |
0 |
7 |
|a kultúrne dejiny
|2 snkph
|9 4307
|
| 651 |
|
7 |
|a Slovinsko
|x dejiny
|2 snkph
|9 63055
|
| 651 |
|
7 |
|a Slovensko
|x dejiny
|2 SNKPHgeo
|9 13278
|
| 655 |
|
7 |
|a monografie
|2 snkph
|9 70139
|
| 830 |
|
0 |
|a Zgodovini.ce
|9 541760
|
| 919 |
|
|
|a 978-961-91222-5-9
|
| 958 |
|
|
|a ZS
|
| 958 |
|
|
|a SI
|
| 958 |
|
|
|a NB
|
| 958 |
|
|
|a OND
|
| 999 |
|
|
|c 833313
|d 835243
|
| 952 |
|
|
|a SNK
|b SNK
|y PREZ
|7 0
|p 17A0664262
|o snkSC 140936
|i snk2010/13357
|8 2
|g 16.00
|0 0
|1 0
|4 0
|d 2010-04-09
|f 1
|l 0
|r 2025-07-09 00:00:00
|w 2026-02-24
|
| 952 |
|
|
|a SNK
|b SNK
|y VYP
|7 0
|p 17A1080451
|o snkSC 140936 D1
|i snk2013/18721
|8 1
|0 0
|1 0
|4 0
|d 2013-08-12
|l 0
|r 2026-02-24 03:45:02
|w 2026-02-24
|